Statistics for Independence From Whom: North America - Map Quiz

Click here to take the quiz!

General Stats

  • This quiz has been taken 472 times
    (346 since last reset)
  • The average score is 20 of 23

Answers on the Map

Answers color-coded by a green-red scale on the quiz's map according to % correct below.
 

Answer Stats

CountryYearIndependence From% Correct
Antigua and Barbuda1981United Kingdom
100%
Grenada1967United Kingdom
100%
Trinidad and Tobago1962United Kingdom
100%
Saint Vincent and the Grenadines1969United Kingdom
100%
Saint Lucia1967United Kingdom
100%
Saint Kitts and Nevis1967United Kingdom
100%
Jamaica1962United Kingdom
100%
Bahamas1973United Kingdom
100%
United States1776United Kingdom
100%
Canada1867United Kingdom
100%
Dominica1967United Kingdom
100%
Belize1981United Kingdom
100%
Barbados1966United Kingdom
100%
Haiti1804France
99%
Dominican Republic1865Spain
99%
Cuba1898Spain
99%
Mexico1821Spain
99%
Panama1903Colombia
86%
Costa Rica1838Federal Republic of Central America
49%
Guatemala1839Federal Republic of Central America
49%
El Salvador1898Greater Republic of Central America
49%
Honduras1898Greater Republic of Central America
49%
Nicaragua1898Greater Republic of Central America
49%

Score Distribution

Percentile by Number Answered

Percent of People with Each Score

Your Score History

You have not taken this quiz since the last reset